Oil

Αποθηκεύτηκε σε:
Λεπτομέρειες βιβλιογραφικής εγγραφής
Κύριος συγγραφέας: Wymer, Norman
Μορφή: Βιβλίο
Γλώσσα:English
Δημοσίευση: London : Longman, 1972
Σειρά:Longman structural readers. Non-fiction ; ; Stage 4
Θέματα:
Ετικέτες: Προσθήκη ετικέτας
Δεν υπάρχουν, Καταχωρήστε ετικέτα πρώτοι!

MARC

LEADER 00000nam a2200000 i 4500
001 1/49441
008 960401s1972 eng d
020 |a 058253755X 
035 |l 10026837 
040 |a GR-MY-UA  |b gre  |e aacr 
041 0 |a eng 
082 0 |a 428.64 
100 1 |a Wymer, Norman. 
245 1 0 |a Oil /  |c Norman Wymer 
260 |a London :   |b Longman,   |c 1972 
300 |a 74 p. 
490 1 |a Longman structural readers. Non-fiction  |v ; Stage 4 
650 0 0 |a English language  |x Readers. 
650 0 0 |a English language  |v Textbooks for foreign speakers. 
830 0 |a Longman structural readers. Non-fiction ;  |v ; Stage 4 
852 |a INST  |b CHIOS  |e 19960401  |h 428.64 WYM  |p 005200004829  |q 005200004829  |t BK  |y 0 
909 |a Χ  |b 004770